000 00700nam a2200241Ia 4500
003 OSt
005 20220924123107.0
006 a|||||r|||| 00| 0
007 ta
008 220923b |||||||| |||| 00| 0 tam d
024 _a45507
037 _cTextual
040 _aARTS
_cARTS
_btam
041 _2tam
_atam
082 _aO31,1G25,KR, 111L0
100 _aKamban
_965052
245 0 _aKamba Ramayanam
_b A condensed version in English verse and prose tr by V S Mudaliyar
260 _aMadras
_bUniversity of Madras
_c1970
300 _a333p.
_ccm.
650 _aTAMIL LITERATURE
942 _hO31,1G25,KR, 111L0
_cTEXL
_2CC
999 _c414275
_d414275